Statistics for Countries, US States, Capitals, Elements, 100 Most Common Words: Starting with T

Click here to take the quiz!

General Stats

  • This quiz has been taken 7,535 times
    (3,654 since last reset)
  • The average score is 37 of 53

Answer Stats

ANSWER% Correct
To
99%
The
93%
Turkey
90%
Turkmenistan
89%
Togo
87%
Tennessee
87%
Then
86%
That
84%
Tuvalu
84%
Tajikistan
84%
Tunis
83%
Trinidad and Tobago
83%
Taiwan
83%
Thailand
83%
Tonga
82%
Tunisia
82%
Texas
82%
Tanzania
81%
This
79%
There
79%
Them
78%
They
77%
Taipei
75%
Tin
74%
Their
73%
Tehran
71%
Than
70%
Tallahassee
69%
Tallinn
69%
These
69%
Tokyo
68%
Titanium
67%
Take
67%
Tashkent
66%
Two
65%
Tbilisi
62%
Tegucigalpa
62%
Tirana
62%
Thallium
62%
Tripoli
61%
Tungsten
61%
Thimphu
60%
Thorium
57%
Topeka
55%
Trenton
54%
Think
51%
Tellurium
49%
Tantalum
48%
Time
46%
Tennessine
45%
Thulium
44%
Technetium
44%
Terbium
41%

Score Distribution

Percentile by Number Answered

Percent of People with Each Score

Your Score History

You have not taken this quiz since the last reset